000 00816nam a22002537a 4500
003 CHAP
005 20220329140805.0
008 971013s1984 r 00010 d
010 _a57646
011 _a58618
035 _a62773
040 _cCHAP
090 _aFolleto 8573
100 0 0 _aSoybean Research Advisory Institute. Monterey, La.
_9109102
245 _aU.S. Soybean production and utilization research
_b: a report to the senate committee on agriculture, nutrition and forestry...
260 _a(s.l.) :
_b(s.e.),
_c1984
300 _a69 p.
_b: ilus. ; gráfs.
590 _aBATCH-UPD
_b10
_c20130110
_lUCH01
_h0413
590 _aCONVERSION
_b10
_c20130109
_lUCH01
_h1331
650 1 4 _aSoya
_xE.U.A.
_9109038
901 _aBK
942 _cFOLL
949 _aFolleto 8573
_bBC
_cFOLL
_d-134453
_eTS1
_i62773
_si
999 _c57646
_d57646